• 首页
  • 本馆介绍
  • 公告通知
  • 最新文献
  • 馆藏检索
  • 电子资源
  • 读者导购
  • 参考咨询
  • 我的图书馆
  • 登录
  • 详细信息显示
  • 放入我的书架
  • 预约/预借图书
  • 作者相关作品
  • 分类相关作品
  • 丛书相关作品
  • 出版社相关作品

书目信息

  • 表格格式
  • 工作单格式
  • 卡片格式
题名:
胡厥文诗词选
    
 
作者: 胡厥文 著 ;政协全国委员会文史资料研究委员会 编
分册:  
出版信息: 北京   文史资料出版社  1982
页数: 190页
开本: 21cm
丛书名:
单 册:
中图分类: I22
科图分类:
主题词: 诗歌--中国 , 韵文--中国 , 诗词--中国--现代--选集
电子资源:
ISBN:
000 00823nam0 2200265 45
001 0182005142
005 20060912081225.04
010    @dCNY0.76
091    @a10224.1
100    @a19950608d1982 em y0chiy0121 ea
101 0  @achi
102    @aCN@b110000
105    @af z 000gy
200 10 @a胡厥文诗词选@Ahu jue wen shi ci xuan@f胡厥文著@g中国人民政治协商会议全国委员会文史资料研究委员会编
210    @a北京@c文史资料出版社@d1982
215    @a190页@c照片@d21cm
606 0  @a诗歌@x中国
606 0  @a韵文@x中国
606    @a诗词@y中国@z现代@x选集
690    @aI22
701  0 @a胡厥文@Ahu jue wen@4著
712 02 @a政协全国委员会文史资料研究委员会@Azheng xie quan guo wei yuan hui wen shi zi liao yan jiu wei yuanhui@4编
801  2 @aCN@bNLC@c20060912
801  0 @aCN@b上海图书馆@c20060820
905    @dI22@e107
    
    胡厥文诗词选/胡厥文著/中国人民政治协商会议全国委员会文史资料研究委员会编.-北京:文史资料出版社,1982
    190页:照片;21cm
    
    
    ISBN :CNY0.76
    
●
相关链接 在E读中查询图书 在五车中查询图书 在当当中查询图书 在豆瓣中查询图书


正题名:胡厥文诗词选     索取号:I22/107         预约/预借

序号 登录号 条形码 馆藏地/架位号 状态 备注
1 0077397   000968000   第二借阅区/ [索取号:I22/107] 在馆    
2 0077398   000967975   密集书库/ [索取号:I22/107] 在馆    
3 0077399   000968046   第一样本阅览室/ [索取号:I22/107] 在馆    
4 0468036   204680363   密集书库/ [索取号:I22/107] 在馆    
5 0468037   204680372   密集书库/ [索取号:I22/107] 在馆    
6 0471423   204714238   密集书库/ [索取号:I22/107] 在馆    
7 0475247   204752473   密集书库/ [索取号:I22/107] 在馆    
唐山师范学院图书馆 欢迎您!
大连网信软件有限公司© 版权所有